Councils of Kiribati with a Map - Statistics

General Stats
  • This quiz has been taken 670 times
  • The average score is 9 of 24
Answers on the Map
Answers color-coded by a green-red scale on the quiz's map according to % correct below.
 
Answer Stats
Island group Council % Correct
Line Islands Kiritimati
72%
Tarawa Teinainano
67%
Tarawa Eutan
61%
Banaba Banaba
58%
Phoenix Islands Canton
58%
Central Gilbert Islands Abemama
39%
Southern Gilbert Islands North Tabiteuea
37%
Southern Gilbert Islands South Tabiteuea
37%
Line Islands Teraina
36%
Northern Gilbert Islands Abaiang
33%
Southern Gilbert Islands Nonouti
33%
Tarawa Betio
31%
Central Gilbert Islands Kuria
31%
Northern Gilbert Islands Makin
31%
Southern Gilbert Islands Beru
30%
Northern Gilbert Islands Butaritari
30%
Line Islands Tabuaeran
30%
Central Gilbert Islands Aranuka
28%
Southern Gilbert Islands Arorae
28%
Central Gilbert Islands Maiana
28%
Southern Gilbert Islands Nikunau
28%
Southern Gilbert Islands Onotoa
27%
Southern Gilbert Islands Tamana
22%
Northern Gilbert Islands Marakei
21%
No matching quizzes found
Score Distribution
Percent of People with Each Score
Percentile by Number Answered
Your Score History
You have not taken this quiz